00623nam a2200169 a 450000500170000000800410001702000180005805000290007610000220010524500610012726000320018830000100022050000220023052001580025265000240041065000190043420140412111407.0061206s19uu xx 00 eng d a0-439-22244-3 aTR(GS 372.4bFra837 2002 aFranzese, Rosalie aReading and writing in kindergarten /cRosalie Franzese. aU.S.A :bScholastic,c2002. a160p. aA practical guide aLessons and strategies that help young learners develop literacy skills through shared reading, guided reading, Interactive writing,Read alouds, and more aInteractive writing aShared reading